Conservation and biodiversity / (Registro nro. 1258)

Detalles MARC
000 -CABECERA
Campo de control 00866cam a2200265 i 4500
005 - FECHA Y HORA DE LA ULTIMA TRANSACCION
Campo de control 20200104041519.0
008 - ELEMENTOS DE LONGITUD FIJA—INFORMACION GENERAL
Campo de control 991105t19961998xxuabdo r 001 0 eng d
015 ## - NATIONAL BIBLIOGRAPHY NUMBER
National bibliography number NNN
020 ## - ISBN
ISBN 0716760320
020 ## - ISBN
ISBN 0716750570
040 ## - FUENTE DE CATALOGACIÓN
Agencia catalogadora original CO-BoPUJ
Agencia transcriptora CO-BoIAVH
Agencia Modificadora CO-BoIAVH
041 0# - IDIOMA
Código de idioma para texto/pista de sonido o título separado Inglés
044 ## - PAÍS DE PUBLICACIÓN
País de publicación Estados Unidos
082 04 - NUMERO DE CLASIFICACION DECIMAL DEWEY
Número de clasificación 333.95
Número del ítem D63c
100 1# - ASIENTO PRINCIPAL--NOMBRE PERSONAL
Nombre personal Dobson, Andrew P.
9 (RLIN) 11521
245 10 - MENCION DE TITULO
Título Conservation and biodiversity /
Mención de responsabilidad Andrew P. Dobson.
260 ## - PUBLICACION, DISTRIBUCION, ETC. (PIE DE IMPRENTA)
Lugar de publicación, distribución, etc. New York :
Nombre del editor, distribuidor, etc. Scientific American Library,
Fecha de publicación, distribución, etc. c1998.
300 ## - DESCRIPCION FISICA
Extensión vii, 264 p. :
Otros detalles físicos il., diagramas, fotos y mapas
Dimensiones 25 cm.
504 ## - NOTA DE BIBLIOGRAFIA, ETC.
Nota de bibliografía Incluye referencias bibliográficas e índice.
650 14 - ASIENTO SECUNDARIO DE MATERIA - TERMINO TEMATICO
Término temático o nombre geográfico como elemento de entrada Diversidad biológica
Subdivisión general Conservación
9 (RLIN) 50262
650 24 - ASIENTO SECUNDARIO DE MATERIA - TERMINO TEMATICO
Término temático o nombre geográfico como elemento de entrada Conservación biológica
9 (RLIN) 98
650 24 - ASIENTO SECUNDARIO DE MATERIA - TERMINO TEMATICO
Término temático o nombre geográfico como elemento de entrada Conservación de la vida silvestre
9 (RLIN) 158
650 24 - ASIENTO SECUNDARIO DE MATERIA - TERMINO TEMATICO
Término temático o nombre geográfico como elemento de entrada Diversidad biológica
9 (RLIN) 50265
942 ## - ELEMENTOS ADICIONALES (KOHA)
Sistema de clasificación Dewey Decimal Classification
Tipo de ítem Libro
Existencias
Withdrawn status Lost status Sistema de Clasificación Damaged status No para préstamo Colección Inventariado Ubicación Permanente Ubicación actual Fecha de adquisición Fuente de Valor Valor Total Checkouts Número topográfico Inventario / Código de Barras Date last seen Ejemplar Price effective from Forma de adquisición Tipo de material
    Dewey Decimal Classification     General Inventariado 2017 Bogotá Bogotá 26/04/1999 Instituto 39000.00   LB-333.95 D63c 001692 04/12/2012 Ej. 1 04/12/2012   Libro